| 000 | 01172nam a22002897a 4500 | ||
|---|---|---|---|
| 003 | BR-ViAPE | ||
| 005 | 20260514112344.0 | ||
| 008 | 260514s2013 porco||gsb||| 001 0 por d | ||
| 020 | _q978-85-98928-10-4 | ||
| 040 | _cBR-ViAPE | ||
| 245 |
_aViagem ao Espírito Santo: _bviagem pelos trópicos brasileiros |
||
| 246 | _aMeine reise in den brasilianischen tropen | ||
| 250 | _binclui Diário de Viagem do Barão Maximiliano von Speidel | ||
| 260 |
_aVitória _bArquivo Público do Estado do Espírito Santo _c2013 |
||
| 300 |
_a176 p. _bil. |
||
| 300 | _bLivro disponível em PDF | ||
| 490 |
_aColeção Canaã _vv. 14 |
||
| 500 | _aObra disponibilizada em PDF por integrar a Coleção Canaã do APEES. | ||
| 600 |
_aSpeidel, Maximiliano von _cBarão |
||
| 650 |
_aDiário de viagem _xHistória _xRio Doce _zEspírito Santo (Brasil) |
||
| 651 | _aEspírito Santo (Brasil) | ||
| 700 |
_aBaviera, Teresa da _d1818 - 1889 _eautora |
||
| 700 |
_aBaldus, Sara _etradutora |
||
| 700 |
_aBentivoglio, Julio _eorganizador |
||
| 856 |
_uhttps://ape.es.gov.br/Media/ape/PDF/Livros/Viagem_ao_Esp%C3%ADrito_Santo.pdf _yCLIQUE AQUI PARA ACESSAR O DOCUMENTO |
||
| 942 |
_2ddc _cBK _n1 |
||
| 999 |
_c662 _d662 |
||